Soccer Player Won Both World Cup and UEFA CL(ECC) - Sudden Death - Statistics

General Stats
  • This quiz has been taken 366 times
  • The average score is 7 of 16
Answers on the Grid
Answers color-coded by a green-red scale on the quiz's grid according to % correct below.
Alfredo Di Stéfano
Andrea Pirlo
Andrés Iniesta
Bobby Charlton
Cristiano Ronaldo
David Beckham
Diego Maradona
Franco Baresi
Franz Beckenbauer
George Best
Gerd Muller
Gianluigi Buffon
Iker Casillas
Johan Cruijff
Karl-Heinz Rummenigge
Kylian Mbappé
Lionel Messi
Manuel Neuer
Marco van Basten
Michel Platini
Neymar
Paolo Maldini
Patrick Vieira
Pele
Rivaldo
Roberto Carlos
Ronaldinho
Ronaldo Nazário
Thierry Henry
Xavi
Zico
Zinedine Zidane
 
Answer Stats
Answer % Correct
Andrés Iniesta
84%
Lionel Messi
59%
Andrea Pirlo
55%
Xavi
53%
Iker Casillas
51%
Zinedine Zidane
51%
Manuel Neuer
49%
Franz Beckenbauer
40%
Gerd Muller
40%
Ronaldinho
40%
Bobby Charlton
38%
Thierry Henry
38%
Roberto Carlos
36%
Rivaldo
25%
Franco Baresi
23%
Patrick Vieira
11%
No matching quizzes found
Score Distribution
Percent of People with Each Score
Percentile by Number Answered
Your Score History
You have not taken this quiz